Dalit movement in india and its leaders: (Record no. 158598)

MARC details
000 -LEADER
fixed length control field 00638nam a22002057a 4500
005 - DATE AND TIME OF LATEST TRANSACTION
control field 20181106155030.0
010 ## - LCCN (DPL NO)
LC control number ENG-124454
020 ## - INTERNATIONAL STANDARD BOOK NUMBER
International Standard Book Number 9788192769400
Terms of availability 995.00
035 ## - SYSTEM CONTROL NUMBER
System control number EN-107986
037 ## - SOURCE OF ACQUISITION
Source of stock number/acquisition DBAD/PUB
082 ## - DEWEY DECIMAL CLASSIFICATION NUMBER
Classification number 954.0841
100 ## - MAIN ENTRY--PERSONAL NAME
Personal name Kshirsagar R.K.
245 ## - TITLE STATEMENT
Title Dalit movement in india and its leaders:
Statement of responsibility, etc by R.K. Kshirsagar
Remainder of title (1857 - 1956) /
250 ## - EDITION STATEMENT
Edition statement 2nd ed.
260 ## - PUBLICATION, DISTRIBUTION, ETC. (IMPRINT)
Place of publication, distribution, etc New Delhi
Name of publisher, distributor, etc Prints Publications
Date of publication, distribution, etc 2017
270 ## - ADDRESS
Address Prints House, 11, Darya Ganj,
City New Delhi
Postal code 110002
300 ## - PHYSICAL DESCRIPTION
Extent 497p.
Dimensions 22cm(Hb)
500 ## - GENERAL NOTE
General note It includes bibliography and index
942 ## - ADDED ENTRY ELEMENTS (KOHA)
Source of classification or shelving scheme Dewey Decimal Classification
Item type English Books
Call number suffix KSH
Classification part 954.0841
Holdings
Withdrawn status Lost status Not for loan Collection code Home library Current library Date acquired Source of acquisition Cost, normal purchase price Full call number Barcode Copy number Cost, replacement price Koha item type
    Not For Loan Non-fiction D.B.Act.Division Bawana 10/11/2018 DBAD/PUB 995.00 954.0841 KSH EN-107986 1 995.00 English Books

© Delhi Public Library
Hit Counter
free hit counter